000 00675nam a2200181 a 4500
001 000032273
005 20240228141912.0
008 110714s1951 dr 000 0 spa d
040 _aDO-SdBNP
_bspa
_cBNPHU
082 _axxx
_bM772
100 1 _aMonte y Tejada, Antonio del,
_d1783-1861
_958292
245 1 0 _aHistoria de Santo Domingo :
_bselección /
_cAntonio Del Monte y Tejada.
260 _aCiudad Trujillo, República Dominicana :
_bSecretaría de Estado de Educación y Bellas Artes,
_c1951.
300 _a64 p. ;
_c20 cm.
490 1 _aBiblioteca Popular de Cultura Dominicana
_vv. 2
830 0 _aBiblioteca Popular de Cultura Dominicana
_vv. 2
_958317
049 _aBNPD
999 _c31764
_d31764